Subversive Sovereigns Across the Seas: (Record no. 191614)

MARC details
000 -LEADER
fixed length control field 00763nam a22002057a 4500
005 - DATE AND TIME OF LATEST TRANSACTION
control field 20220830145508.0
010 ## - LCCN (DPL NO)
LC control number ENG-134794
020 ## - INTERNATIONAL STANDARD BOOK NUMBER
Terms of availability 900.00
International Standard Book Number 9789381574706
035 ## - SYSTEM CONTROL NUMBER
System control number EN-118326
037 ## - SOURCE OF ACQUISITION
Source of stock number/acquisition DBAD/PUB
Stock number -
082 ## - DEWEY DECIMAL CLASSIFICATION NUMBER
Classification number 381.09165
245 ## - TITLE STATEMENT
Title Subversive Sovereigns Across the Seas:
Remainder of title Indian ocean ports of trade from early historic times to late colonialism/
Statement of responsibility, etc ed by Kenneth R. Hall, Rila Mukherjee, and Suchandra ghosh
260 ## - PUBLICATION, DISTRIBUTION, ETC. (IMPRINT)
Place of publication, distribution, etc Kolkata
Name of publisher, distributor, etc The Asiatic Society
Date of publication, distribution, etc 2017
270 ## - ADDRESS
Address The Asiatic Society 1 Park Street
City Kolkata
Postal code 700016
300 ## - PHYSICAL DESCRIPTION
Extent 289p.
Other physical details Index, List of contributers
Dimensions 21cm(hb)
700 ## - ADDED ENTRY--PERSONAL NAME
Personal name Hall, R. Kenneth
700 ## - ADDED ENTRY--PERSONAL NAME
Personal name Mukherjee, Rila
700 ## - ADDED ENTRY--PERSONAL NAME
Personal name Ghosh, Suchandra
942 ## - ADDED ENTRY ELEMENTS (KOHA)
Source of classification or shelving scheme Dewey Decimal Classification
Item type English Books
Classification part 381.09165
Call number suffix SUB
Holdings
Withdrawn status Lost status Not for loan Collection code Home library Current library Date acquired Source of acquisition Cost, normal purchase price Full call number Barcode Copy number Cost, replacement price Koha item type
      Non-fiction Ashok Vihar Ashok Vihar 30/08/2022 DBAD/PUB 900.00 381.09165 SUB EN-118326 1 900.00 English Books

© Delhi Public Library
Hit Counter
free hit counter